Countries: After V or W Quiz Stats

Quiz Updated Apr 25, 2018

Also try: Countries: After U
Challenge
Share
Tweet
Embed
Score 0/9 Timer 03:00
15 Plays Today
Letter Combination Name of Country % Correct
VASlovakia
91.6%
VECabo Verde
91%
VIVietnam
85.8%
WARwanda
80.2%
WESweden
78.2%
WIMalawi
75.7%
WZNew Zealand
68.3%
VOCôte d’Ivoire
62.3%
WGPapua New Guinea
54.4%

You're not logged in!

Compare scores with friends on all Sporcle quizzes.
Sign Up with Email
OR
Log In

You Might Also Like...

Show Comments

Extras

Top Quizzes Today


Score Distribution

Your Account Isn't Verified!

In order to create a playlist on Sporcle, you need to verify the email address you used during registration. Go to your Sporcle Settings to finish the process.

Report this User

Report this user for behavior that violates our Community Guidelines.

Details: